|
|
|
|
| LEADER |
01444nam a22003972a 4500 |
| 001 |
000038203 |
| 003 |
CZ BrMZK |
| 005 |
20210729090415.0 |
| 007 |
ta |
| 008 |
021003s1992 xr f |||| 0 cze d |
| 015 |
|
|
|a cnb000073908
|
| 020 |
|
|
|a 80-85467-92-5
|
| 035 |
|
|
|a (OCoLC)29200690
|
| 040 |
|
|
|a BOA001
|b cze
|
| 072 |
|
7 |
|a 811.162.3
|x Čeština
|2 Konspekt
|9 11
|
| 080 |
|
|
|a 316.77
|
| 080 |
|
|
|a 811.162.3
|
| 100 |
1 |
|
|a Kořenský, Jan,
|d 1937-2022
|7 jk01061879
|4 aut
|
| 245 |
1 |
0 |
|a Komunikace a čeština /
|c Jan Kořenský
|
| 250 |
|
|
|a 1. vyd.
|
| 260 |
|
|
|a Jinočany :
|b H&H,
|c 1992
|
| 300 |
|
|
|a 89 s.
|
| 504 |
|
|
|a Obsahuje bibliografii
|
| 650 |
0 |
4 |
|a čeština v praxi
|
| 650 |
0 |
7 |
|a jazyková kultura
|7 ph121322
|2 czenas
|
| 650 |
0 |
7 |
|a verbální komunikace
|7 ph116565
|2 czenas
|
| 650 |
0 |
7 |
|a čeština
|7 ph135292
|2 czenas
|
| 650 |
0 |
4 |
|a Jazykové prostředky
|
| 655 |
|
7 |
|a studie
|7 fd133597
|2 czenas
|
| 856 |
4 |
1 |
|u http://www.digitalniknihovna.cz/mzk/uuid/uuid:c006d080-71cb-11e5-9690-005056827e51
|y Digitalizovaný dokument
|x NDK
|
| 910 |
|
|
|a BOA001
|b PK-0118.812
|b 2-0987.876
|
| 920 |
|
|
|a 000103124
|
| 990 |
|
|
|a BK
|
| 996 |
6 |
|
|b 2619996700
|c 2-0987.876
|l MZK
|r Sklad / do 1 hodiny
|n 51
|w 000038203
|u 000030
|a 1
|e BOA001
|j MZK50
|s P
|
| 996 |
7 |
|
|b 3119921867
|c PK-0118.812
|l MZK
|r Sklad / do 1 hodiny
|n 29
|w 000038203
|u 000020
|a 1
|e BOA001
|j MZK50
|s A
|
| 996 |
7 |
|
|b 3119994359
|c PK-0118.812
|l MZK
|r Sklad / do 1 hodiny
|n 34
|w 000038203
|u 000010
|a 1
|e BOA001
|j MZK50
|s A
|